Slipknot Full Discography - Statistics

General Stats
  • This quiz has been taken 176 times
  • The average score is 58 of 126
Answer Stats
Album Answer % Correct
Slipknot Eyeless
92%
Slipknot (sic)
89%
Slipknot Wait and Bleed
83%
All Hope Is Gone Psychosocial
78%
Slipknot Spit It Out
78%
Iowa Iowa
76%
Iowa People = Shit
73%
Vol 3: The Subliminal Verses Duality
73%
Slipknot Eeyore
73%
Slipknot Liberate
73%
.5: The Gray Chapter The Devil In I
73%
Vol 3: The Subliminal Verses Before I Forget
70%
Slipknot Scissors
70%
All Hope Is Gone All Hope Is Gone
68%
Slipknot Purity
68%
Mate. Feed. Kill. Repeat. (1996) | Slipknot Tattered & Torn
68%
We Are Not Your Kind Unsainted
68%
Slipknot Surfacing
67%
.5: The Gray Chapter Custer
65%
All Hope Is Gone Snuff
65%
Vol 3: The Subliminal Verses Vermilion
65%
Iowa Disasterpiece
63%
.5: The Gray Chapter Killpop
63%
All Hope Is Gone Sulfur
63%
We Are Not Your Kind Nero Forte
62%
Iowa (515)
60%
The End, So Far Adderall
60%
Iowa My Plague
60%
Slipknot Prosthetics
60%
All Out Life All Out Life
59%
All Hope Is Gone Gematria (The Killing Name)
59%
Mate. Feed. Kill. Repeat. (1996) | Slipknot Only One
59%
Slipknot Diluted
57%
Iowa | Mate. Feed. Kill. Repeat. (1996) Gently
57%
Slipknot No Life
57%
Vol 3: The Subliminal Verses Pulse of the Maggots
57%
Iowa The Heretic Anthem
57%
.5: The Gray Chapter AOV
56%
Vol 3: The Subliminal Verses Circle
56%
All Hope Is Gone Dead Memories
56%
The End, So Far The Dying Song (Time To Sing)
56%
Iowa Left Behind
54%
Vol 3: The Subliminal Verses Vermilion Pt. 2
54%
We Are Not Your Kind Spiders
52%
.5: The Gray Chapter XIX
52%
Slipknot 742617000027
51%
All Hope Is Gone Gehenna
51%
Slipknot (10th Anniversary Edition) Me Inside
51%
.5: The Gray Chapter Sarcastrophe
51%
Vol 3: The Subliminal Verses The Blister Exists
51%
The End, So Far Yen
51%
Mate. Feed. Kill. Repeat. (1996) Slipknot
49%
Iowa Everything Ends
48%
All Hope Is Gone .execute.
48%
Vol 3: The Subliminal Verses Opium of the People
48%
Vol 3: The Subliminal Verses Prelude 3.0
48%
Iowa Skin Ticket
48%
.5: The Gray Chapter The Negative One
48%
We Are Not Your Kind Insert Coin
46%
Iowa Metabolic
46%
Vol 3: The Subliminal Verses (Special Edition) Scream
46%
.5: The Gray Chapter Skeptic
46%
We Are Not Your Kind Solway Firth
46%
All Hope Is Gone (Special Edition) Til We Die
46%
Slipknot (10th Anniversary Edition) Get This
44%
The End, So Far The Chapeltown Rag
44%
Vol 3: The Subliminal Verses The Virus of Life
44%
Iowa I Am Hated
43%
.5: The Gray Chapter If Rain Is What You Want
43%
We Are Not Your Kind Orphan
43%
We Are Not Your Kind Red Flag
43%
Vol 3: The Subliminal Verses The Nameless
43%
All Hope Is Gone This Cold Black
43%
We Are Not Your Kind Critical Darling
41%
Vol 3: The Subliminal Verses Danger - Keep Away
41%
.5: The Gray Chapter Lech
41%
Iowa The Shape
41%
Vol 3: The Subliminal Verses Three Nil
40%
We Are Not Your Kind A Liar's Funeral
38%
All Hope Is Gone Butcher's Hook
38%
The End, So Far Heirloom
38%
Iowa New Abortion
38%
All Hope Is Gone Vendetta
38%
All Hope Is Gone Wherein Lies Continue
38%
The End, So Far H377
37%
.5: The Gray Chapter The One That Kills the Least
37%
We Are Not Your Kind Birth of the Cruel
35%
The End, So Far Finale
35%
.5: The Gray Chapter Nomadic
35%
Vol 3: The Subliminal Verses Welcome
35%
All Hope Is Gone (Special Edition) Child of Burning Time
33%
The End, So Far Hive Mind
33%
The End, So Far Warranty
33%
.5: The Gray Chapter Goodbye
32%
We Are Not Your Kind Not Long for This World
32%
Slipknot (10th Anniversary Edition) Snap (Demo)
32%
We Are Not Your Kind What's Next
32%
We Are Not Your Kind Death Because of Death
30%
Slipknot (10th Anniversary Edition) Interloper (Demo)
30%
The End, So Far Medicine for the Dead
30%
.5: The Gray Chapter (Special Edition) Override
30%
The End, So Far Acidic
29%
We Are Not Your Kind My Pain
29%
Mate. Feed. Kill. Repeat. (1996) Do Nothing/Bitchslap
29%
The End, So Far De Sade
27%
Slipknot (10th Anniversary Edition) Despise (Demo)
27%
.5: The Gray Chapter Be Prepared for Hell
25%
.5: The Gray Chapter (Special Edition) Burden
25%
Vol 3: The Subliminal Verses (Special Edition) Don't Get Close
25%
Slipknot Frail Limb Nursery
24%
Mate. Feed. Kill. Repeat. (1996) Killers Are Quiet
19%
Adderall Death March
16%
Adderall Adderall (instrumental)
14%
Slipknot Mudslide
14%
Adderall Red or Redder
14%
Adderall Adderall (no intro)
13%
Mate. Feed. Kill. Repeat. (1996) Dogfish Rising (hidden track)
13%
Mate. Feed. Kill. Repeat. (1996) Confessions
11%
Mate. Feed. Kill. Repeat. (1996) Some Feel
10%
Adderall Hard to Be Here
8%
Adderall Adderall (rough demo)
6%
.5: The Gray Chapter Flea Circus (hidden track)
6%
.5: The Gray Chapter Huffys Between Dumpsters (hidden track)
5%
No matching quizzes found
Score Distribution
Percent of People with Each Score
Percentile by Number Answered
Your Score History
You have not taken this quiz